000 00584nam a2200181Ia 4500
005 20260429112315.0
008 260429s9999||||xx |||||||||||||| ||und||
020 _a9789348033338
041 _aHindi
082 _a891.432
_bPRA
100 _aप्रसाद, जयशंकर
245 0 _aस्कंदगुप्त विक्रमादित्य /
_cजयशंकर प्रसाद
250 _a0
260 _aनई दिल्ली :
_bप्रकाशन संस्थान,
_c2024.
300 _a136 p.; Hb
650 _aDrama
942 _cTB
999 _c53403
_d53403